MARC details
| 000 -LEADER |
| fixed length control field |
01010nam a2200253Ia 4500 |
| 003 - CONTROL NUMBER IDENTIFIER |
| control field |
IN-BaIIA |
| 008 - FIXED-LENGTH DATA ELEMENTS--GENERAL INFORMATION |
| fixed length control field |
211028s9999 xx 000 0 eng d |
| 020 ## - INTERNATIONAL STANDARD BOOK NUMBER |
| International Standard Book Number |
0-7923-1699-1 |
| 040 ## - CATALOGING SOURCE |
| Transcribing agency |
IIA Library |
| 080 ## - UNIVERSAL DECIMAL CLASSIFICATION NUMBER |
| Universal Decimal Classification number |
082.2:52 |
| Item number |
IAU-S149 |
| 111 ## - MAIN ENTRY--MEETING NAME |
| Meeting name or jurisdiction name as entry element |
Symposium of the International Astronomical Union |
| Location of meeting |
Brazil |
| Date of meeting or treaty signing |
1991 Aug. 5-9 |
| 9 (RLIN) |
17651 |
| 245 #4 - TITLE STATEMENT |
| Title |
The stellar populations of galaxies |
| Remainder of title |
proceedings of the 149th symposium of the International Astronomical Union, held in Angra Dos Reis, Brazil, August 5-9, 1991 |
| Statement of responsibility, etc. |
edited by B. Barbuy and A. Renzini |
| 260 ## - PUBLICATION, DISTRIBUTION, ETC. |
| Place of publication, distribution, etc. |
Dordrecht |
| Name of publisher, distributor, etc. |
Kluwer Academic |
| Date of publication, distribution, etc. |
1992 |
| 300 ## - PHYSICAL DESCRIPTION |
| Extent |
xxii, 521p. |
| 490 ## - SERIES STATEMENT |
| Series statement |
IAU Symposium; no 149 |
| 650 ## - SUBJECT ADDED ENTRY--TOPICAL TERM |
| Topical term or geographic name entry element |
Active Galactic Nuclei |
| 9 (RLIN) |
6209 |
| 650 ## - SUBJECT ADDED ENTRY--TOPICAL TERM |
| Topical term or geographic name entry element |
Active Galaxies |
| 9 (RLIN) |
1285 |
| 650 ## - SUBJECT ADDED ENTRY--TOPICAL TERM |
| Topical term or geographic name entry element |
Astronomy and Astrophysics Thesaurus |
| 650 ## - SUBJECT ADDED ENTRY--TOPICAL TERM |
| Topical term or geographic name entry element |
Galaxies |
| 9 (RLIN) |
1286 |
| 700 ## - ADDED ENTRY--PERSONAL NAME |
| Personal name |
Barbuy, B., ed. |
| 9 (RLIN) |
17652 |
| 700 ## - ADDED ENTRY--PERSONAL NAME |
| Personal name |
Renzini, A., ed. |
| 9 (RLIN) |
17653 |
| 710 ## - ADDED ENTRY--CORPORATE NAME |
| Corporate name or jurisdiction name as entry element |
International Astronomical Union |
| 942 ## - ADDED ENTRY ELEMENTS (KOHA) |
| Koha item type |
Books |